LEADER 01893nam 2200553Ia 450 001 9911006984603321 005 20200520144314.0 010 $a1-282-00228-7 010 $a9786612002281 010 $a0-8155-1699-1 035 $a(CKB)1000000000000108 035 $a(SSID)ssj0000071793 035 $a(PQKBManifestationID)11971834 035 $a(PQKBTitleCode)TC0000071793 035 $a(PQKBWorkID)10093824 035 $a(PQKB)10064583 035 $a(MiAaPQ)EBC3008719 035 $a(BIP)46732254 035 $a(BIP)7036475 035 $a(EXLCZ)991000000000000108 100 $a19900405d1990 uy 0 101 0 $aeng 135 $aurcn||||||||| 181 $ctxt 182 $cc 183 $acr 200 00$aElectroless plating $efundamentals and applications /$fGlenn O. Mallory, Juan B. Hajdu, editors ; sponsored and published by American Electroplaters and Surface Finishers Society 210 $aOrlando, Fla. $cSociety$dc1990 215 $aviii, 539 p. $cill 300 $aBibliographic Level Mode of Issuance: Monograph 311 08$a0-8155-1277-5 311 08$a0-936569-07-7 320 $aIncludes bibliographical references and index. 330 $aThis book examines electronics reliability and measurement technology. It identifies advances in measurement science and technology for nondestructive evaluation, and it details common measurement trouble spots. 606 $aElectroless plating 606 $aMetal coating 615 0$aElectroless plating. 615 0$aMetal coating. 676 $a671.7/3 701 $aMallory$b Glenn O$01824229 701 $aHajdu$b Juan B$01824230 712 02$aAmerican Electroplaters and Surface Finishers Society. 801 0$bMiAaPQ 801 1$bMiAaPQ 801 2$bMiAaPQ 906 $aBOOK 912 $a9911006984603321 996 $aElectroless plating$94391326 997 $aUNINA